[Event "KEN-ch"]
[Site "Nairobi"]
[Date "2021.12.26"]
[Round "2"]
[White "Mwangi, John Milton Kihara"]
[Black "Amwai, Tom"]
[Result "1-0"]
[WhiteElo "1839"]
[BlackElo "1637"]
[PlyCount "47"]
[EventDate "2021.12.26"]
[EventType "swiss"]
[EventRounds "9"]
[EventCountry "KEN"]
[SourceTitle "EXT 2023"]
[Source "ChessBase"]
[SourceDate "2022.10.05"]
[SourceVersion "1"]
[SourceVersionDate "2022.10.05"]
[SourceQuality "1"]

1. d4 Nf6 2. c4 e6 3. Nf3 d5 4. Nc3 b6 5. cxd5 exd5 6. Bg5 Be7 7. e3 h6 8. Bh4 0-0 9. Qb3 Be6 10. Bd3 Nbd7 11. 0-0 c5 12. Qc2 a6 13. Rfe1 c4 14. Bf5 Rb8 15. Bg3 Rb7 16. Bxe6 fxe6 17. e4 e5 18. exd5 exd4 19. Qe2 Re8 20. Qe6+ Kh8 21. Nxd4 Bb4 22. Qc6 Rxe1+ 23. Rxe1 Bxc3 24. Qxb7 1-0

[Event "Africa-ch U20"]
[Site "Entebbe"]
[Date "2018.12.31"]
[Round "4"]
[White "Mwangi, John Milton Kihara"]
[Black "Fawzy, Adham"]
[Result "0-1"]
[WhiteElo "1679"]
[BlackElo "2436"]
[PlyCount "88"]
[EventDate "2018.12.29"]
[EventType "swiss"]
[EventRounds "9"]
[EventCountry "UGA"]
[SourceTitle "CBM 188 Extra"]
[Source "ChessBase"]
[SourceDate "2019.02.26"]
[SourceVersion "1"]
[SourceVersionDate "2019.02.26"]
[SourceQuality "1"]

1. d4 Nf6 2. c4 e6 3. Nc3 Bb4 4. e3 d5 5. Nge2 dxc4 6. a3 Ba5 7. Qa4+ Nc6 8. Qxc4 e5 9. dxe5 Be6 10. Qa4 Nd5 11. b4 Bb6 12. Nxd5 Qxd5 13. Nc3 Qxe5 14. Bb2 0-0-0 15. Be2 Qg5 16. 0-0 Bh3 17. g3 Rd2 18. Bc1 Rxe2 19. Nxe2 Qe5 20. Bd2 Bxf1 21. Bc3 Qh5 22. Kxf1 Bxe3 23. fxe3 Qf3+ 24. Ke1 Qxe3 25. Qc2 Re8 26. Rd1 Qg1+ 27. Kd2 Qf2 28. Re1 Ne5 29. Bxe5 Rd8+ 30. Kc3 Qxe1+ 31. Kb3 Rd7 32. Bxg7 a5 33. Bc3 Qh1 34. Qxh7 a4+ 35. Kb2 Qg2 36. Qh8+ Rd8 37. Qh5 Re8 38. Be5 Qe4 39. Nc3 Qxe5 40. Qxf7 Rd8 41. Qf2 b5 42. h4 Rd3 43. Qc2 Qd4 44. g4 Rd2 0-1

[Event "Kireka op"]
[Site "Kireka"]
[Date "2017.12.28"]
[Round "2"]
[White "Mwangi, John Milton Kihara"]
[Black "Buti, Raphael"]
[Result "0-1"]
[WhiteElo "1700"]
[BlackElo "2114"]
[PlyCount "40"]
[EventDate "2017.12.28"]
[EventType "swiss"]
[EventRounds "8"]
[EventCountry "UGA"]
[SourceTitle "EXT 2019"]
[Source "ChessBase"]
[SourceDate "2018.10.10"]
[SourceVersion "1"]
[SourceVersionDate "2018.10.10"]
[SourceQuality "1"]

1. d4 Nf6 2. c4 g6 3. Nc3 Bg7 4. e4 d6 5. f3 0-0 6. Be3 Nc6 7. Bd3 e5 8. Nge2 Nd7 9. d5 Nd4 10. 0-0 c5 11. Qd2 a6 12. Bh6 f5 13. Bxg7 Kxg7 14. exf5 gxf5 15. Ng3 Qh4 16. Nge2 Nxe2+ 17. Qxe2 Nb6 18. Kh1 Rf6 19. Rfc1 Bd7 20. Qd2 Rh6 0-1